Zamestnanosť v procese štrukturálnych zmien ekonomiky SR (výskumná štúdia) : výskumná úloha: B/VI/132 Stratégia štrukturálnych zmien ekonomiky SR : III. etapa

Na minha lista:
Detalhes bibliográficos
Autor principal: Ižová, Eulália
Outros Autores: Ďurďovičová, Marta, 1964-
Formato: Livro
Idioma:eslovaco
Publicado em: Bratislava Výskumný ústav národohospodársky EU v Bratislave 1993
Edição:1. vyd.
Assuntos:
Tags: Adicionar Tag
Sem tags, seja o primeiro a adicionar uma tag!

MARC

LEADER 00000nam a2200000 4500
001 0205255
005 20240521093947.8
041 0 |a slo 
044 |a SK 
245 1 0 |a Zamestnanosť v procese štrukturálnych zmien ekonomiky SR  |b (výskumná štúdia) : výskumná úloha: B/VI/132 Stratégia štrukturálnych zmien ekonomiky SR : III. etapa  |c riešitelia: Eulália Ižová, Marta Ďurďovičová 
250 |a 1. vyd. 
264 1 |a Bratislava  |b Výskumný ústav národohospodársky EU v Bratislave  |c 1993 
300 |a 79 s. 
610 2 0 |a zamestnanosť 
610 2 0 |a trh práce 
610 2 0 |a zmeny štruktúrne 
610 2 0 |a Slovensko 
100 1 |a Ižová, Eulália 
700 1 |a Ďurďovičová, Marta, 1964-